[Event "Arab-ch"]
[Site "Dubai"]
[Date "2018.12.03"]
[Round "7"]
[White "Saloos, Ibrahim"]
[Black "Mohamed, Faisal"]
[Result "0-1"]
[WhiteElo "1885"]
[BlackElo "2157"]
[PlyCount "80"]
[EventDate "2018.11.28"]
[EventType "swiss"]
[EventRounds "9"]
[EventCountry "UAE"]
[SourceTitle "CBM 187 Extra"]
[Source "ChessBase"]
[SourceDate "2018.11.04"]
[SourceVersion "1"]
[SourceVersionDate "2018.11.04"]
[SourceQuality "1"]

1. e4 c5 2. Nf3 Nc6 3. Bb5 g6 4. Bxc6 dxc6 5. 0-0 Bg7 6. d3 e5 7. Nbd2 Qe7 8. a4 Nf6 9. Nc4 Nd7 10. a5 h6 11. Be3 Nf8 12. Nfd2 g5 13. Re1 Be6 14. Qe2 Nd7 15. f3 0-0 16. Qf2 Rfd8 17. Ra4 Bf8 18. Rea1 f6 19. h4 Nb8 20. hxg5 hxg5 21. Qg3 Na6 22. f4 exf4 23. Bxf4 Qg7 24. Be3 Be7 25. Bf2 Rd7 26. e5 f5 27. Qh3 g4 28. Qg3 Nb4 29. Nd6 Nd5 30. Bxc5 f4 31. Qe1 Rf8 32. c4 Ne3 33. Bxe3 fxe3 34. Qxe3 Bg5 35. Qe2 Qh6 36. Nf1 Rh7 37. Qf3 Rxf3 38. gxf3 g3 39. Nxg3 Qh2+ 40. Kf1 Bh3+ 0-1

[Event "Arab-ch"]
[Site "Dubai"]
[Date "2018.11.29"]
[Round "3"]
[White "Saloos, Ibrahim"]
[Black "Aborezika, Mohamed"]
[Result "0-1"]
[WhiteElo "1885"]
[BlackElo "2060"]
[PlyCount "114"]
[EventDate "2018.11.28"]
[EventType "swiss"]
[EventRounds "9"]
[EventCountry "UAE"]
[SourceTitle "CBM 187 Extra"]
[Source "ChessBase"]
[SourceDate "2018.11.04"]
[SourceVersion "1"]
[SourceVersionDate "2018.11.04"]
[SourceQuality "1"]

1. e4 d6 2. c4 Nf6 3. Nc3 e5 4. Nf3 Be7 5. d4 Nbd7 6. Bd3 0-0 7. 0-0 Re8 8. Re1 Bf8 9. Bg5 c6 10. Rc1 h6 11. Bd2 g6 12. d5 c5 13. a3 Nh5 14. Ne2 Bg7 15. h3 g5 16. Ng3 Nf4 17. Bf1 Nf8 18. Nh2 Qf6 19. Re3 Bd7 20. Rf3 Qg6 21. Ng4 h5 22. Nh2 g4 23. hxg4 hxg4 24. Rfc3 Nh7 25. Nf5 Bxf5 26. exf5 Qxf5 27. Qxg4 Qxg4 28. Nxg4 Ng6 29. f3 e4 30. Rb3 b6 31. fxe4 Rxe4 32. Nh6+ Kf8 33. Nf5 Be5 34. Bd3 Rg4 35. Be2 Re4 36. Bf3 Rf4 37. Bxf4 Nxf4 38. a4 Ng5 39. a5 Nxf3+ 40. Kf2 Nd4 41. Nxd4 Bxd4+ 42. Kf3 Be5 43. Ra1 Rb8 44. axb6 axb6 45. Ra6 Ke7 46. Rbxb6 Rg8 47. g4 Nd3 48. Rb7+ Kf6 49. Raa7 Rg7 50. b3 Ne1+ 51. Ke2 Nc2 52. g5+ Kg6 53. Kf3 Nd4+ 54. Kg4 Nxb3 55. Kf3 Nd2+ 56. Ke2 Ne4 57. Rb1 Nc3+ 0-1

[Event "Asian-ch Amateur 4th"]
[Site "Amman"]
[Date "2014.01.25"]
[Round "2.10"]
[White "Majdalawi, Amr"]
[Black "Saloos, Ibrahim"]
[Result "0-1"]
[WhiteElo "1438"]
[BlackElo "1892"]
[PlyCount "55"]
[EventDate "2014.01.25"]
[EventType "swiss"]
[EventRounds "9"]
[EventCountry "JOR"]
[SourceTitle "EXT 2024"]
[Source "ChessBase"]
[SourceDate "2023.10.10"]
[SourceVersion "1"]
[SourceVersionDate "2023.10.10"]
[SourceQuality "1"]

1. e4 c5 2. Nf3 g6 3. Bb5 a6 4. Be2 Bg7 5. 0-0 Nc6 6. Nc3 Nf6 7. d3 0-0 8. Be3 d6 9. Qc1 Ng4 10. h3 Nxe3 11. Qxe3 b5 12. Qc1 Bd7 13. Nd5 e6 14. Ne3 Nd4 15. Nxd4 cxd4 16. Nd1 f5 17. exf5 Rxf5 18. Bg4 Rc5 19. Re1 e5 20. Bxd7 Qxd7 21. Re2 d5 22. b3 Rac8 23. Nb2 Qc7 24. c4 dxc3 25. Nd1 e4 26. dxe4 c2 27. Nb2 Bxb2 28. Qxb2 0-1

[Event "King Abdullah II op 3rd"]
[Site "Amman"]
[Date "2009.06.21"]
[Round "5"]
[White "Yousef, Abed"]
[Black "Saloos, Ibrahim"]
[Result "1-0"]
[WhiteElo "1923"]
[BlackElo "1959"]
[PlyCount "91"]
[EventDate "2009.06.18"]
[EventType "swiss"]
[EventRounds "9"]
[EventCountry "JOR"]
[SourceTitle "EXT 2022"]
[Source "ChessBase"]
[SourceDate "2021.10.06"]
[SourceVersion "1"]
[SourceVersionDate "2021.10.06"]
[SourceQuality "1"]

1. e4 e6 2. d4 d5 3. Nd2 Nf6 4. Bd3 dxe4 5. Nxe4 Nc6 6. Nf3 Nb4 7. Nxf6+ Qxf6 8. Be4 Qd8 9. a3 Nd5 10. Ne5 Be7 11. Qh5 g6 12. Qe2 Bd7 13. c4 Nf6 14. Bxb7 Rb8 15. Nc6 Bxc6 16. Bxc6+ Nd7 17. Bh6 Bf8 18. Bxf8 Kxf8 19. 0-0 Kg7 20. b4 Rf8 21. Rad1 Nb6 22. d5 exd5 23. c5 Qf6 24. b5 Nc4 25. Rxd5 Nxa3 26. Qd3 Qb2 27. h4 Qa2 28. Rd1 h5 29. Rd7 Qb2 30. Rxc7 Nxb5 31. Rb1 Qe5 32. Rd7 Nc3 33. Rxb8 Rxb8 34. g3 Rb2 35. Qf3 Qf6 36. Rxa7 Rb8 37. Qxf6+ Kxf6 38. Be8 Ne4 39. Rxf7+ Ke6 40. Rf4 Ke5 41. Bxg6 Nxg3 42. Rc4 Ne2+ 43. Kh2 Kd5 44. Bf7+ Kc6 45. Bxh5 Rb3 46. Bxe2 1-0

[Event "JOR-ch"]
[Site "Amman"]
[Date "2009.05.14"]
[Round "9"]
[White "Saad, Baha"]
[Black "Saloos, Ibrahim"]
[Result "1-0"]
[WhiteElo "2127"]
[BlackElo "1959"]
[PlyCount "86"]
[EventDate "2009.04.09"]
[EventType "swiss"]
[EventRounds "9"]
[EventCountry "JOR"]
[SourceTitle "CBM 130 Extra"]
[Source "ChessBase"]
[SourceDate "2009.07.02"]
[SourceVersion "2"]
[SourceVersionDate "2009.07.15"]
[SourceQuality "1"]

1. d4 f5 2. Nf3 Nf6 3. Bg5 Ne4 4. Bf4 c5 5. e3 Nc6 6. c3 cxd4 7. exd4 Qb6 8. b4 d6 9. b5 Nd8 10. Nfd2 Ne6 11. Bd3 Nxd2 12. Qxd2 Bd7 13. a4 Rc8 14. Be3 g6 15. h4 Bg7 16. g3 a6 17. Na3 axb5 18. axb5 Qa5 19. Nc2 Qxc3 20. Qxc3 Rxc3 21. Kd2 Rc8 22. Ra7 Rb8 23. Re1 Rf8 24. d5 Nc7 25. Nb4 Nxb5 26. Bxb5 Bxb5 27. Bb6 Rc8 28. Re3 Bf6 29. Rxb7 f4 30. gxf4 Bxh4 31. Bc7 Bxf2 32. Re4 Bc5 33. Ba5 Bd7 34. Nc6 e5 35. fxe5 Rf2+ 36. Ke1 Bf5 37. exd6+ Kf8 38. d7 Ra8 39. Nb8 Bxd7 40. Nxd7+ Kg8 41. Nxc5 Rc2 42. Nb3 h5 43. Ree7 Rc4 1-0

[Event "JOR-ch"]
[Site "Amman"]
[Date "2009.04.09"]
[Round "1"]
[White "Saloos, Ibrahim"]
[Black "Aboudi, Marwan"]
[Result "0-1"]
[WhiteElo "1959"]
[BlackElo "2176"]
[PlyCount "60"]
[EventDate "2009.04.09"]
[EventType "swiss"]
[EventRounds "9"]
[EventCountry "JOR"]
[SourceTitle "CBM 130 Extra"]
[Source "ChessBase"]
[SourceDate "2009.07.02"]
[SourceVersion "2"]
[SourceVersionDate "2009.07.15"]
[SourceQuality "1"]

1. f4 d5 2. Nf3 Nf6 3. g3 e6 4. Bg2 c5 5. 0-0 Nc6 6. d3 Be7 7. c3 0-0 8. Qe1 b6 9. e4 dxe4 10. dxe4 Ba6 11. Rf2 Qc7 12. h3 Bd3 13. Nbd2 c4 14. e5 Nh5 15. Nd4 Nxd4 16. cxd4 Nxg3 17. Bxa8 Rxa8 18. Rg2 Nf5 19. Nf3 Qc6 20. Qd1 Rd8 21. b3 b5 22. a4 a6 23. axb5 axb5 24. bxc4 bxc4 25. Ba3 Bxa3 26. Rxa3 Ne3 27. d5 Qxd5 28. Rxd3 cxd3 29. Qe1 Qxf3 30. Rg3 d2 0-1

[Event "JOR-ch sf"]
[Site "Amman"]
[Date "2009.04.02"]
[Round "6"]
[White "Naiem, Mousa"]
[Black "Saloos, Ibrahim"]
[Result "1-0"]
[WhiteElo "2113"]
[BlackElo "1985"]
[PlyCount "27"]
[EventDate "2009.03.26"]
[EventType "swiss"]
[EventRounds "9"]
[EventCountry "JOR"]
[SourceTitle "EXT 2022"]
[Source "ChessBase"]
[SourceDate "2021.10.06"]
[SourceVersion "1"]
[SourceVersionDate "2021.10.06"]
[SourceQuality "1"]

1. Nf3 f5 2. d4 Nf6 3. Qd3 g6 4. Bg5 Bg7 5. Nbd2 b6 6. e4 Ba6 7. c4 fxe4 8. Nxe4 d5 9. Nxf6+ exf6 10. Qe2+ Kf7 11. Ne5+ Kg8 12. Qf3 Qe7 13. Qxd5+ Kf8 14. Qxa8 1-0